Liedtext: Kling, Glöckchen, klingelingeling - Statistiken

Allgemein
  • Dieses Quiz wurde 38 mal gespielt
  • Das Durchschnittsergebnis liegt bei 62 aus 87
Antwortstatistiken
Textquiz % Korrekt
Glöckchen,
100%
Glöckchen,
100%
Glöckchen,
100%
Glöckchen,
100%
Glöckchen,
100%
Glöckchen,
100%
Glöckchen,
100%
Glöckchen,
100%
Glöckchen,
100%
Glöckchen,
100%
Glöckchen,
100%
Glöckchen,
100%
Kling,
100%
kling,
100%
kling!
100%
Kling,
100%
kling,
100%
kling!
100%
Kling,
100%
kling,
100%
kling!
100%
Kling,
100%
kling,
100%
kling!
100%
Kling,
100%
kling,
100%
kling!
100%
Kling,
100%
kling,
100%
kling!
100%
klingelingeling,
97%
klingelingeling,
97%
klingelingeling,
97%
klingelingeling,
97%
klingelingeling,
97%
klingelingeling,
97%
erfrieren.
84%
nicht
84%
der
81%
die
81%
die
81%
die
81%
kalt
81%
Lasst
81%
lasst
81%
so
81%
Winter,
81%
ist
78%
mich
78%
mich
78%
Türen,
78%
Kind,
76%
Kinder,
76%
öffnet
73%
öffnet
73%
ihr
70%
mir
70%
mir
70%
mir
70%
ein,
51%
euch
49%
euch
49%
und
46%
das
41%
Gaben,
38%
bring’
35%
Mädchen
35%
sollt’
35%
Stübchen,
35%
Herzen,
32%
hört
32%
macht
32%
auf
30%
Bübchen,
30%
dran
22%
erlaben.
22%
Kerzen,
22%
wie
22%
drin
19%
erglüh‘n
19%
fröhlich,
19%
frommes
19%
Hell
19%
selig.
19%
will
19%
wohnen
19%
milde
8%
Keine übereinstimmenden Quizze gefunden
Verteilung der Resultate
Anzahl Personen mit jedem Resultat
Perzentil nach korrekt beantworteten Fragen
Ihre Resultats-Entwicklung
Sie haben dieses Quiz noch nicht gespielt